| 000 | 01129nam1a22004211 4500 | ||
|---|---|---|---|
| 001 | RU\NLR\A1SV\58542 | ||
| 005 | 20251119132306.0 | ||
| 035 | _a(NLR Aleph) 009740498 | ||
| 090 |
_a9942023 _c9942023 |
||
| 100 | _a20260426 rusy50 | ||
| 101 | 0 | _arus | |
| 102 | _aRU | ||
| 200 | 1 |
_aО земле _eСб. ст. _f[Предисл.: П.Месяцев] |
|
| 210 |
_aМ. _cГос. изд. _d1921-1922 |
||
| 215 | _d24 см | ||
| 620 | _dМосква | ||
| 702 | 1 |
_aМесяцев _bП.А. _f1889-1938 _gПавел Александрович |
|
| 801 | 0 |
_aRU _bNLR _c20080522 |
|
| 852 |
_aNLR _j17.134.5.60 |
||
| 899 |
_aЧОУНБ _z(Вып.1) |
||
| 899 | _aДГПБ | ||
| 899 |
_aАКУНБ _z(Вып.2-3) |
||
| 899 | _aЗНБ СГУ | ||
| 899 |
_aГОПБ _z(Вып.1) |
||
| 899 | _aКирОУНБ | ||
| 899 | _aУОНБ | ||
| 899 | _aРГБ | ||
| 899 |
_aСПбГУ _z(Вып.2-3) |
||
| 899 |
_aТОУНБ _z(Вып.1, 2) |
||
| 899 | _aSLK | ||
| 899 | _aГПИБ | ||
| 899 | _aМГУ | ||
| 899 | _aНГОУНБ | ||
| 899 | _aСОУНБ | ||
| 942 | _cBOOK | ||
| 980 | _aA1SV | ||
| 980 | _aNB | ||